|
|
|
|
| LEADER |
00000nam a22000007a 4500 |
| 005 |
20150724145724.0 |
| 007 |
cr|||| |||| |
| 008 |
150724s2015 sp |||||o|||| 00||0 spa d |
| 020 |
|
|
|a 978-84-9085-301-6
|
| 035 |
|
|
|a 12780
|
| 040 |
|
|
|a vLex
|
| 090 |
|
|
|c 5487
|d 5487
|
| 100 |
1 |
|
|a Přez Gallardo, Leonardo B.
|
| 245 |
1 |
0 |
|a Discapacidad y Derecho civil (en Cuba)
|h [Recurso electrn̤ico] /
|c Leonardo B. Přez Gallardo
|
| 256 |
|
|
|a Servicio en ln̕ea
|
| 260 |
|
|
|a Madrid :
|b Dykinson,
|c 2015.
|
| 300 |
|
|
|a 1 recurso electrn̤ico
|
| 490 |
|
|
|a Madrid:
|v Dykinson,
|x 2015.
|
| 500 |
|
|
|a El doble carc̀ter acadm̌ico y notario del autor se manifiesta en los seis estudios contenidos de este libro. El documento notarial bien hecho, es una pieza bs̀ica de la seguridad jurd̕ica preventiva y contribuye de manera eficaz a la paz social. En la obra que presentamos, Leonardo B. Přez Gallardo hace una aportacin̤ inestimable para lograr la perfeccin̤ y, por ende, la eficacia del documento notarial. No hay seguridad jurd̕ica preventiva sin documentos notariales perfectos, los registros pb︢licos son eficaces en la medida que los documentos que publican tengan la mayor perfeccin̤ posible, si ello no ocurre, los registros podrǹ estar publicando realidades inexactas, con el gran daǫ que ello causa a la persona y a la sociedad.
|
| 506 |
1 |
|
|a Contenido disponible en los productos indicados
|d vLex Global
|d vLex Global (Academic Edition, excluding Law Schools)
|d vLex Global (U.S. Academic Edition, Law Schools)
|d vLex Global (U.S. Academic Edition, excluding Law Schools)
|d vLex Global (Academic Edition, Law Schools)
|
| 650 |
0 |
4 |
|a Derecho civil
|z Espaą
|
| 650 |
0 |
4 |
|a Discapacitados
|z Espaą
|
| 740 |
0 |
|
|a vLex Libros (Servicio en ln̕ea)
|
| 856 |
4 |
0 |
|u http://vlex.com/source/discapacidad-y-derecho-civil-en-cuba--12780
|z Acceso restringido
|
| 942 |
|
|
|c BOOK
|
| 999 |
0 |
9 |
|a Civil Law
|
| 999 |
0 |
9 |
|a People with disabilities
|